| 000 | 01713cam a22004694i 4500 | ||
|---|---|---|---|
| 003 | PE-LiUPU | ||
| 005 | 20250731165521.0 | ||
| 008 | 150623s2002 miu r 000 0 spa d | ||
| 035 | _a(Sirsi) a27427 | ||
| 035 | _a(Sirsi) a27427 | ||
| 040 |
_aPE-LiUPU _bspa _cPE-LiUPU _erda |
||
| 082 | 0 | 4 |
_a225.3d _bK58 _221 |
| 100 | 1 |
_aKittel, Gerhard, _eed., _eautor. |
|
| 245 | 1 | 0 |
_aCompendio del diccionario teológico del Nuevo Testamento / _cGerhard Kittel. [et al], trad. por Geoffrey W. Bromiley. |
| 264 | 1 |
_aGrand Rapids, Michigan : _bLibros Desafío, _c2002. |
|
| 300 |
_a1375 páginas ; _c27 centímetros |
||
| 336 |
_atext _2rdacontent |
||
| 337 |
_aunmediated _2rdamedia |
||
| 338 |
_avolume _2rdacarrier |
||
| 505 | 0 | _aDiccionario griego biblico de la A-Z. | |
| 526 | _aSEG44 | ||
| 526 | _aSEG26 | ||
| 526 | _aP151 | ||
| 526 | _aP150 | ||
| 526 | _aP149 | ||
| 526 | _aP146 | ||
| 526 | _aP145 | ||
| 526 | _aP126 | ||
| 526 | _aP125 | ||
| 526 | _aP92 | ||
| 526 | _aP75 | ||
| 526 | _aP74 | ||
| 526 | _aP27 | ||
| 526 | _aP15 | ||
| 650 | 0 | 4 |
_aGriego bíblico _vdiccionarios (a-z) - N.T. |
| 942 |
_2ddc _cBOOK |
||
| 949 |
_aRC 225.3D K58 _wDEWEY _c1 _i52709 _d2015-9-2 _lRC _mBUL _p36.00 _q1 _r0 _sY _tBOOK _u2015-6-24 _xTEOLOGIA _PP35 _0COMPRA _o.CIRCNOTE. No olvidar cambiar la fecha de devolución!!!!!!! _o.STAFF. Colección Teología |
||
| 994 |
_aC0 _bPEPRU |
||
| 596 | _a1 | ||
| 999 |
_aRC 225.3D K58 _wDEWEY _c34566 _i52709 _d34566 _e2017-9-27 _f2021-11-8 _g6 _lCCODEBUL1 _mBUL _n2 _p36.00 _q71 _r1 _sY _tBOOK _u2015-6-24 _xTEOLOGIA _PP35 _0COMPRA _o.CIRCNOTE. No olvidar cambiar la fecha de devolución!!!!!!! _o.STAFF. Colección Teología |
||
| 980 |
_81 _gALBERTO SANCHEZ Responsable de Automatización |
||